00777nam a22001337a 4500008004100000050001500041100002200056245007600078260004000154300002400194500001900218505038200237650002400619120516t xxu||||| |||| 00| 0 eng d aHF1007.A39 aAllen, William R. aInternational trade theory:Hume to Ohlin. /cedited by William R. Allen aU.S.A.:bRandom house inc.,cc1965. a210 p:bill;c18cm. aIncludes index aContents: Introduction -- Of The balance of trade -- An Inquiry into the nature and causes of the wealth of nations -- The Principles of political economy and taxation -- Principles of political economy with some of the their applications to social philosophy -- From internatioal trade -- The Theory of international values re-examined -- Interregional and internatioal trade. bInternational trade